El análisis de sistemas de administración agricola / (Registro nro. 21584)
[ vista simple ]
| 000 -CABECERA | |
|---|---|
| campo de control de longitud fija | 00649nam a2200193 a 4500 |
| 001 - NÚMERO DE CONTROL | |
| campo de control | 000022086 |
| 005 - FECHA Y HORA DE LA ÚLTIMA TRANSACCIÓN | |
| campo de control | 20200930011557.0 |
| 008 - DATOS DE LONGITUD FIJA--INFORMACIÓN GENERAL | |
| campo de control de longitud fija | 100916s1974 mx ad r 000 0 spa d |
| 040 ## - FUENTE DE LA CATALOGACIÓN | |
| Centro catalogador/agencia de origen | DO-SdBNP |
| Lengua de catalogación | spa |
| Centro/agencia transcriptor | BNPHU |
| 082 ## - NÚMERO DE LA CLASIFICACIÓN DECIMAL DEWEY | |
| Número de clasificación | xxxx |
| Número de documento/Ítem | D414a |
| 049 ## - FONDOS LOCALES (OCLC) | |
| Fondos de biblioteca | BNGR |
| 100 1# - ENTRADA PRINCIPAL--NOMBRE DE PERSONA | |
| Nombre de persona | Dent, John Barry |
| 9 (RLIN) | 45759 |
| 245 13 - MENCIÓN DE TÍTULO | |
| Título | El análisis de sistemas de administración agricola / |
| Mención de responsabilidad, etc. | J. B. Dent , J. R. Anderson. |
| 260 ## - PUBLICACIÓN, DISTRIBUCIÓN, ETC. | |
| Lugar de publicación, distribución, etc. | México, D. F. : |
| Nombre del editor, distribuidor, etc. | Diana, |
| Fecha de publicación, distribución, etc. | 1974. |
| 300 ## - DESCRIPCIÓN FÍSICA | |
| Extensión | 463 p. : |
| Otras características físicas | il., diag. ; |
| Dimensiones | 23 cm. |
| 500 ## - NOTA GENERAL | |
| Nota general | Incluye índice alfabético. |
| 504 ## - NOTA DE BIBLIOGRAFÍA, ETC. | |
| Nota de bibliografía, etc. | Incluye referencias bibliográficas y notas al pie de las páginas. |
| 700 1# - PUNTO DE ACCESO ADICIONAL--NOMBRE DE PERSONA | |
| Nombre de persona | Anderson, J. R. |
| 9 (RLIN) | 45760 |
| Estado de retiro | Estado de pérdida | Restricciones de uso | No para préstamo | Código de colección | Localización permanente | Ubicación/localización actual | Ubicación en estantería | Fecha de adquisición | Número de inventario | Total de préstamos | Signatura topográfica completa | Código de barras | Fecha visto por última vez | Precio válido a partir de | Tipo de ítem Koha | Número de copia |
|---|---|---|---|---|---|---|---|---|---|---|---|---|---|---|---|---|
| Monografías: Libros y Folletos | General | General | En catalogación | 16.09.2010 | LF1 | xxxx D414a | 22086-10 | 25.06.2020 | 25.06.2020 | Préstamo en sala | ||||||
| Préstamo restrigido | Monografías: Libros y Folletos | General | General | En catalogación | 16.09.2010 | LF1 | xxxx D414a | 22086-20 | 25.06.2020 | 25.06.2020 | Préstamo en sala | e. 2 |
